Membranes and ion transportation
Guardat en:
| Autor principal: | |
|---|---|
| Format: | Llibre |
| Idioma: | anglès |
| Publicat: |
Londres
Wiley-Interscience
1970
|
| Matèries: | |
| Etiquetes: |
Afegir etiqueta
Sense etiquetes, Sigues el primer a etiquetar aquest registre!
|
MARC
| LEADER | 00000nam a2200000 a 4500 | ||
|---|---|---|---|
| 001 | UCR5286 | ||
| 003 | CL-VaPUC | ||
| 008 | 980327e19700000UK |||||||||||||||||eng|d | ||
| 082 | 0 | 4 | |a 576.321 |b BIT |2 21 |
| 100 | 0 | |a Bittar, Edward |e author |9 405995 | |
| 245 | 1 | 0 | |a Membranes and ion transportation |
| 300 | |a 3 v | ||
| 942 | |c BK | ||
| 945 | |d 19980327 00:00:00 |a crobeson | ||
| 260 | |a Londres |b Wiley-Interscience |c 1970 | ||
| 650 | 0 | |a Citología |9 261432 | |
| 650 | 7 | |a MEMBRANAS CELULARES |2 CL-VaPUC |9 269604 | |
| 650 | 0 | |a Termodinámica |9 259320 | |
| 650 | 7 | |a IONES |2 CL-VaPUC |9 337399 | |
| 583 | |a last modification |c 19980327 00:00:00 |k Rodrigo Vera | ||
| 999 | |c 267905 |d 267903 | ||
| 952 | |0 0 |1 0 |4 0 |6 576_321000000000000_BIT_1970 |7 0 |8 A |9 300737 |a BIBALI |b BIBALI |c GEN |d 2019-11-20 |h v.1 |i 1969765 |o 576.321 BIT 1970 |p 1969765 |r 2025-01-20 |w 2019-11-20 |y BK |k ALI | ||